Mis amigos y mis amigas: para niños y niñas de 1§ y 2§ básico

Furkejuvvon:
Bibliográfalaš dieđut
Váldodahkkit: Arredondo J., Miguel A (Dahkki), Hahn C., Soledad (Dahkki), Murúa A., Vivian (Dahkki), Vaccaro C., Liliana (Dahkki)
Materiálatiipa: Girji
Giella:espánnjágiella
Almmustuhtton: Santiago Ministerio de Educación 1999
Fáttát:
Fáddágilkorat: Lasit fáddágilkoriid
Eai fáddágilkorat, Lasit vuosttaš fáddágilkora!

MARC

LEADER 00000nam a2200000 a 4500
001 UCP5456
003 CL-VaPUC
008 990910e19990000CL |||||||||||||||||spa|d
082 0 4 |a 372.41  |b ARR  |2 21 
100 0 |a Arredondo J., Miguel A  |e author  |9 433863 
700 0 |a Hahn C., Soledad  |e author  |9 433864 
700 0 |a Murúa A., Vivian  |e author  |9 433865 
700 0 |a Vaccaro C., Liliana  |e author  |9 433866 
245 1 0 |a Mis amigos y mis amigas: para niños y niñas de 1§ y 2§ básico 
300 |a 51 p 
942 |c BK 
945 |d 19990910 00:00:00  |a rbrito 
260 |a Santiago  |b Ministerio de Educación  |c 1999 
500 |a Bca.Educación material en Hemeroteca 
650 0 |a Enseñanza del lenguaje  |9 373325 
650 0 |a Métodos de enseñanza  |9 270413 
650 0 |a Educación básica   |9 224933 
583 |a last modification  |c 19990910 00:00:00  |k Rodrigo Vera 
999 |c 283203  |d 283201 
952 |0 0  |1 0  |4 0  |6 372_410000000000000_ARR_1999  |7 0  |8 A  |9 326094  |a BIBEDU  |b BIBEDU  |d 2019-11-20  |i 3561704  |o 372.41 ARR 1999  |p 3561704  |r 2019-11-20  |w 2019-11-20  |y BK  |k EDU